00512nam a22001697a 450000500170000001000150001702000260003203500140005803700130007208200100008510000180009524500630011326000410017627000760021730000300029350000190032320170622111006.0 aENG-118773 a9788123779423c185.00 aEN-102305 bDBAD/PUB a616.3 aVohra, Pankaj aCeliac diesease:bA comprehensive guide /cby Pankaj Vohra aNew DelhibNational Book Trustc2016 aNehru Bhawan, 5 Industrial Area, Phase-II Vasant Kunj, New Delhi-110070 axv,198pbill.c22cm.(pbk) aIncludes Index